000 00415nam a2200181Ia 4500
008 151202s9999||||xx |||||||||||||| ||und||
082 _bPNVM-71411
100 _aROBERTS NORA.
245 _aHOLDING THE DREAM.
260 _b---
260 _c71411
300 _a0
600 _aROBERTS NORA.
630 _aHOLDING THE DREAM.
700 _aROBERTS NORA.
730 _aHOLDING THE DREAM.
942 _cBOOK
999 _c1338024
_d1338021